000 00504nam a22001577a 4500
005 20260305150211.0
008 260305b |||||||| |||| 00| 0 eng d
020 _a0-8018-8333-4
100 _aLINDBERG, STAFFAN I.
245 _aDEMOCRACY AND ELECTIONS IN AFRICA
260 _aBALTIMORE
_bJOHN HOPKINS UNIVERSITY PRESS
_c2006
300 _aXIII, 227P.
500 _aINCLUDES INDEX
650 _a1. ELECTIONS - AFRICA 2. DEMOCRACY - AFRICA 3. AFRICA - POLITICS AND GOVERNMENT 1960-
942 _2lcc
_cBK
999 _c216789
_d216789